书目信息 |
| 题名: |
生物安全实验室建设
|
|
| 作者: | 俞詠霆 李太华 董德祥 | |
| 分册: | ||
| 出版信息: | 北京 化学工业出版社 2006 |
|
| 页数: | 300 | |
| 开本: | 23cm | |
| 丛书名: | 生物实验室系列 | |
| 单 册: | ||
| 中图分类: | Q-338 | |
| 科图分类: | ||
| 主题词: | 生物学--实验 , 生物技术 | |
| 电子资源: | ||
| ISBN: | 7-5025-8320-3 | |
| 000 | 00690nam0 2200217 450 | |
| 001 | 0741144344 | |
| 005 | 20070817112544.34 | |
| 010 | @a7-5025-8320-3@d¥49.00 | |
| 100 | @a20070817d km y0chiy0120 ea | |
| 101 | 0 | @achi |
| 200 | 1 | @a生物安全实验室建设@Asheng wu an quan shi yan shi jian she@f俞詠霆 李太华 董德祥@Fyu yong ting li tai hua dong de xiang |
| 210 | @a北京@c化学工业出版社@d2006 | |
| 215 | @a300@d23cm | |
| 225 | 2 | @a生物实验室系列 |
| 410 | 0 | @12001 @a生物实验室系列 |
| 606 | 0 | @a生物学@x实验 |
| 606 | 0 | @a生物技术 |
| 690 | @aQ-338@v3 | |
| 701 | 0 | @a俞詠霆 李太华 董德祥@Ayu yong ting li tai hua dong de xiang |
| 801 | 0 | @aCN@bPFT@c20070817 |
| 905 | @a213230@dQ-338@en1@f1 | |
| 生物安全实验室建设/俞詠霆 李太华 董德祥.-北京:化学工业出版社,2006 |
| 300;23cm.-(生物实验室系列) |
| ISBN 7-5025-8320-3:¥49.00 |
| ● |
| 相关链接 |
|
|
|
|
正题名:生物安全实验室建设
索取号:Q-338/n1
 
预约/预借
| 序号 | 登录号 | 条形码 | 馆藏地/架位号 | 状态 | 备注 |
| 1 | 6601265 | 266012655 | 密集书库-生命科学系/ [索取号:Q-338/n1] | 在馆 | |
| 2 | 6601610 | 266016107 | 密集书库-生命科学系/ [索取号:Q-338/n1] | 在馆 | |
| 3 | 6601611 | 266016116 | 密集书库-生命科学系/ [索取号:Q-338/n1] | 在馆 |